000 00438nam a2200181Ia 4500
005 20250423095321.0
008 250422s9999 xx 000 0 und d
020 _a81-207-1381-8
050 _aLC 3981 .K37/
100 _aKar, Chintamani
245 0 _aExceptional children : their psychology and education
260 _aNew Delhi
260 _bSterling
260 _c2007
300 _a183 p
650 _aEducation
942 _cBK
999 _c29905
_d29905